De legibus

Uloženo v:
Podrobná bibliografie
Hlavní autor: Suárez, Francisco, S.I (Autor)
Médium: Kniha
Jazyk:španělština
Vydáno: Madrid Consejo Superior de Investigaciones Científicas 1981
Edice:Corpus Hispanorum de Pace, 21
Témata:
Tagy: Přidat tag
Žádné tagy, Buďte první, kdo vytvoří štítek k tomuto záznamu!

MARC

LEADER 00000nam a2200000 a 4500
001 UCR2398
003 CL-VaPUC
008 980112e19810000SP |||||||||||||||||spa|d
082 0 4 |a 303.66  |b SUA  |2 21 
100 |a Suárez, Francisco,   |c S.I.  |e author  |9 255840 
245 1 0 |a De legibus 
300 |a v 
942 |c BK 
945 |d 19980112 00:00:00  |a cmena 
260 |a Madrid  |b Consejo Superior de Investigaciones Científicas  |c 1981 
500 |a v.1: De lege positiva canonica IV 1-10 
500 |a v.2: De lege positiva canonica IV 11-20 
650 0 |a Paz  |9 259242 
650 0 |a Derecho natural   |9 255041 
650 0 |a Derecho español  |9 255291 
650 7 |a DERECHO CANONICO  |2 CL-VaPUC  |9 400190 
650 0 |a Iglesia   |9 255004 
650 0 |a Poder político  |9 255509 
650 0 |a Derecho civil  |9 255013 
650 7 |a LEGISLACION  |2 CL-VaPUC  |9 400191 
651 0 |a España  |9 254926 
583 |a last modification  |c 19980112 00:00:00  |k Rodrigo Vera 
490 0 |a Corpus Hispanorum de Pace, 21 
999 |c 265566  |d 265564 
952 |0 0  |1 0  |4 0  |6 303_660000000000000_SUA_1981  |7 0  |8 DER_HIS  |9 296548  |a BIBDER  |b BIBDER  |d 2019-11-20  |h v.1  |i 1923803  |o 303.66 SUA 1981  |p 1923803  |r 2023-01-25  |w 2019-11-20  |x Ubicación 4to Piso  |y BK  |z Estos recursos deben solicitarse con anticipación  |k DER 
952 |0 0  |1 0  |4 0  |6 303_660000000000000_SUA_1981  |7 0  |8 DER_HIS  |9 296549  |a BIBDER  |b BIBDER  |d 2019-11-20  |h v.2  |i 1940724  |o 303.66 SUA 1981  |p 1940724  |r 2023-01-25  |w 2019-11-20  |x Ubicación 4to Piso  |y BK  |z Estos recursos deben solicitarse con anticipación  |k DER